[Event "Vienna State-chB"]
[Site "Vienna"]
[Date "2022.09.24"]
[Round "8"]
[White "Ginther, Tobias"]
[Black "Pavlov, Alexander1111"]
[Result "0-1"]
[WhiteElo "1766"]
[BlackElo "1685"]
[PlyCount "60"]
[EventDate "2022.09.17"]
[EventType "swiss"]
[EventRounds "9"]
[EventCountry "AUT"]
[SourceTitle "CBM 210 Extra"]
[Source "ChessBase"]
[SourceDate "2022.11.30"]
[SourceVersion "1"]
[SourceVersionDate "2022.11.30"]
[SourceQuality "1"]

1. e4 e5 2. Nf3 Nc6 3. Bb5 a6 4. Ba4 Nf6 5. 0-0 d6 6. Re1 Be7 7. c3 0-0 8. h3 h6 9. d4 Nh7 10. Bxc6 bxc6 11. dxe5 Ng5 12. Nxg5 Bxg5 13. Bxg5 Qxg5 14. exd6 Bxh3 15. Qf3 Bg4 16. Qg3 cxd6 17. Qxd6 f5 18. Qxc6 Bf3 19. Qc4+ Kh8 20. Qf1 fxe4 21. Re3 Rad8 22. Na3 Rf4 23. g3 Qh5 24. Rxf3 Rxf3 25. Qg2 Rd2 26. Nc4 Rdxf2 27. Qxf2 Rxf2 28. Kxf2 Qf3+ 29. Kg1 Qxg3+ 30. Kh1 e3 0-1

[Event "Vienna State-chB"]
[Site "Vienna"]
[Date "2022.09.22"]
[Round "6"]
[White "Ginther, Tobias"]
[Black "Pantelic, Slobodan"]
[Result "1-0"]
[WhiteElo "1766"]
[BlackElo "1596"]
[PlyCount "101"]
[EventDate "2022.09.17"]
[EventType "swiss"]
[EventRounds "9"]
[EventCountry "AUT"]
[SourceTitle "CBM 210 Extra"]
[Source "ChessBase"]
[SourceDate "2022.11.30"]
[SourceVersion "1"]
[SourceVersionDate "2022.11.30"]
[SourceQuality "1"]

1. e4 c5 2. Nf3 e6 3. d4 cxd4 4. Nxd4 a6 5. c4 d6 6. Be3 Be7 7. Nc3 Nf6 8. Be2 Nbd7 9. b4 Qc7 10. Qb3 Ne5 11. f3 Bd7 12. Rc1 0-0 13. 0-0 Rac8 14. Na4 Qb8 15. Nb6 Rc7 16. a4 Rd8 17. a5 Nc6 18. Nc2 Be8 19. Kh1 Nd7 20. Rcd1 Nce5 21. f4 Nc6 22. g4 Nf6 23. Bd3 Nxg4 24. Bc1 Bf8 25. Rd2 Ne7 26. Rg2 Nf6 27. Bb2 Ng6 28. Bxf6 gxf6 29. f5 Bc6 30. fxg6 hxg6 31. b5 axb5 32. cxb5 Bd7 33. Rxf6 Bg7 34. Rf3 Rc5 35. Rgf2 Be8 36. Bc4 d5 37. exd5 exd5 38. Bxd5 Rdxd5 39. Nxd5 Qe5 40. Nf6+ Bxf6 41. Rxf6 Rxb5 42. Qe3 Bc6+ 43. Kg1 Rb1+ 44. Rf1 Rxf1+ 45. Rxf1 Qd5 46. Qg3 Qxa5 47. Ne3 Qc5 48. Qf4 Qf8 49. Ng4 Qc5+ 50. Qf2 Qg5 51. Qxf7+ 1-0

[Event "Vienna State-chB"]
[Site "Vienna"]
[Date "2022.09.19"]
[Round "3"]
[White "Reif, Werner"]
[Black "Ginther, Tobias"]
[Result "1/2-1/2"]
[WhiteElo "1747"]
[BlackElo "1766"]
[PlyCount "61"]
[EventDate "2022.09.17"]
[EventType "swiss"]
[EventRounds "9"]
[EventCountry "AUT"]
[SourceTitle "CBM 210 Extra"]
[Source "ChessBase"]
[SourceDate "2022.11.30"]
[SourceVersion "1"]
[SourceVersionDate "2022.11.30"]
[SourceQuality "1"]

1. d4 d5 2. Nf3 Nf6 3. c3 Bf5 4. Qb3 Qc8 5. Bg5 Nbd7 6. Nbd2 e6 7. e3 c5 8. c4 b6 9. Be2 Be7 10. 0-0 h6 11. Bh4 g5 12. Bg3 Nh5 13. cxd5 Nxg3 14. fxg3 exd5 15. Qxd5 Be6 16. Qe4 Nf6 17. Bb5+ Kf8 18. Qc2 Qd8 19. Bc4 Bxc4 20. Qxc4 cxd4 21. Ne5 Rh7 22. exd4 Qd5 23. Qxd5 Nxd5 24. Ng6+ Ke8 25. Nxe7 Kxe7 26. Rae1+ Kd7 27. Rf5 Ne7 28. Rf2 f5 29. Ref1 Rc8 30. Nb3 Rf7 31. Ra1 1/2-1/2

[Event "Vienna State-chB"]
[Site "Vienna"]
[Date "2022.09.18"]
[Round "2"]
[White "Ginther, Tobias"]
[Black "Bonk, Andras"]
[Result "0-1"]
[WhiteElo "1766"]
[BlackElo "2175"]
[PlyCount "77"]
[EventDate "2022.09.17"]
[EventType "swiss"]
[EventRounds "9"]
[EventCountry "AUT"]
[SourceTitle "CBM 210 Extra"]
[Source "ChessBase"]
[SourceDate "2022.11.30"]
[SourceVersion "1"]
[SourceVersionDate "2022.11.30"]
[SourceQuality "1"]

1. e4 c5 2. Nf3 Nc6 3. d4 cxd4 4. Nxd4 Nf6 5. Nc3 e6 6. Ndb5 d6 7. Bf4 e5 8. Bg5 a6 9. Na3 b5 10. Nd5 Be7 11. Bxf6 Bxf6 12. c4 b4 13. Nc2 0-0 14. Ncxb4 Nxb4 15. Nxb4 Qb6 16. Nd5 Qxb2 17. Be2 Bd8 18. 0-0 Qa3 19. Qd2 Be6 20. Rfd1 Rb8 21. Rab1 Ba5 22. Qc2 Qc5 23. Qd3 g6 24. h4 Kg7 25. Ne3 Rxb1 26. Rxb1 Bb6 27. Rd1 Qa5 28. Nd5 Bd4 29. Qb3 Qc5 30. Qf3 f5 31. Rb1 Rf7 32. Ne3 h5 33. Rb3 f4 34. Nd5 Bg4 35. Qd3 Bxf2+ 36. Kh1 Bxh4 37. Qd1 Qf2 38. Rb2 f3 39. gxf3 0-1